000 00325nam a2200133Ia 4500
005 20260326235453.0
008 260326s9999||||xx |||||||||||||| ||und||
100 _aSemenzato, Camillo
245 4 _aThe Rotonda /
_cCamillo Semenzato
260 _bPasqualotto
300 _a62 p.
650 _aARQUITECTURA MODERNA
942 _cBK
999 _c7836
_d7836